Famous People by Pictures - A - Statistics

General Stats
  • This quiz has been taken 130 times
  • The average score is 11 of 25
Answer Stats
Picture Answer % Correct
Adele
94%
Ariana Grande
91%
Angelina Jolie
88%
Anne Hathaway
79%
Ashton Kutcher
73%
Avril Lavigne
72%
Alec Baldwin
71%
Audrey Hepburn
71%
Anthony Hopkins
70%
Amadeus Mozart
63%
Alicia Keys
52%
Axl Rose
47%
Avicii
45%
Alanis Morissette
40%
Agatha Christie
31%
A$AP ROCKY
30%
Anne-Marie
17%
Amy Lee
15%
Avan Jogia
11%
Azaelia Banks
10%
Amy Macdonald
7%
Ally Brooke
2%
Ashton Irwin
2%
Anette Olzon
0%
Anja Rubik
0%
No matching quizzes found
Score Distribution
Percent of People with Each Score
Percentile by Number Answered
Your Score History
You have not taken this quiz